<The> Model Assessing the Impact of Price and Provided Services on the Quality of the Trip by Train: MCDM Approach

Návrh pôvodného multikriteriálneho matematického modelu na hodnotenie váh šiestich kritérií, určujúcich cenu zájazdu a poskytovaných služieb v medzinárodnom vlaku, ako aj ich vplyvu na komplexný index kvality. Overenie výsledkov pomocou prípadovej štúdie numerickej výpočtovej kalkulacie pre medzinár...

Full description

Saved in:
Bibliographic Details
Main Author: Sivilevičius, Henrikas
Other Authors: Maskeliūnaitė, Lijana
Format: Book Chapter
Language:English
Subjects:
Tags: Add Tag
No Tags, Be the first to tag this record!

MARC

LEADER 00000naa a2200000 4500
001 0257953
005 20220719115522.7
041 0 |a eng 
044 |a CZ 
245 1 0 |a <The> Model Assessing the Impact of Price and Provided Services on the Quality of the Trip by Train: MCDM Approach  |c Henrikas Sivilevičius, Lijana Maskeliūnaitė 
520 |a Návrh pôvodného multikriteriálneho matematického modelu na hodnotenie váh šiestich kritérií, určujúcich cenu zájazdu a poskytovaných služieb v medzinárodnom vlaku, ako aj ich vplyvu na komplexný index kvality. Overenie výsledkov pomocou prípadovej štúdie numerickej výpočtovej kalkulacie pre medzinárodný vlak „Vilnius – Moskva“. 
610 2 0 |a metódy 
610 2 0 |a kritériá rozhodovania 
610 2 0 |a doprava železničná 
610 2 0 |a ceny 
610 2 0 |a služby 
610 2 0 |a kvalita služieb 
100 1 |a Sivilevičius, Henrikas 
700 1 |a Maskeliūnaitė, Lijana